| 000 | 01216nam a2200229Ia 4500 | ||
|---|---|---|---|
| 001 | L300-2134/a | ||
| 003 | IT-CnALBA | ||
| 008 | 170116s9999||||xx |||||||||||||| ||und|| | ||
| 040 |
_aIT-CnALBA _cIT-CnALBA |
||
| 041 | _aITALIANO | ||
| 100 | _aPOROT ANTOINE | ||
| 245 | 0 |
_aDIZIONARIO DI PSICHIATRIA. _b Prima Edizione' |
|
| 250 | _a1a ed. | ||
| 260 |
_aCINISELLO BALSAMO (MI) _bEDIZIONI PAOLINE _c1962 [1° Ed.:1962 - Ed.Ling.Originale: 1952] |
||
| 300 | _a802 p. | ||
| 500 | _a84 FOTOGRAFIE E DISEGNI NEL TESTO. 22 TAVOLE FUORI TESTO. TRADUZIONE DAL FRANCESE DI TESTI E SALTINI. COLLABORATORE MODERNA SANDRO. AUBIN, BARDENAT, HESNARD, ISRAEL, KAMMERER, LEONARDOM, LUCCIONI, MONDZAIN, PASCALIS, PELICIER, POROT, RAMEE, SUTTER. PSICOL | ||
| 501 | _aSocietà San Paolo EM - Piazza San Paolo, 14 - 12051 ALBA (CN) (non commercial uses only) ® Copyright 2017 | ||
| 520 | _a84 FOTOGRAFIE E DISEGNI NEL TESTO. 22 TAVOLE FUORI TESTO. TRADUZIONE DAL FRANCESE DI TESTI E SALTINI. COLLABORATORE MODERNA SANDRO. AUBIN, BARDENAT, HESNARD, ISRAEL, KAMMERER, LEONARDOM, LUCCIONI, MONDZAIN, PASCALIS, PELICIER, POROT, RAMEE, SUTTER. PSICOL | ||
| 650 | _aDIZIONARI SCIENZE SOCIALI | ||
| 942 | _cBK | ||
| 957 | _71 | ||
| 999 |
_a3112 _bNO _g Copie: 1 _c261321 _d261321 |
||